000 00819nam a2200241Ia 4500
001 dia_3875
003 CHAP
005 20251029154050.0
008 220117s1999 xx 000 0 und d
010 _a174482
040 _cCHAP
_amxchpua
090 _aFOLLETO 2612
100 _aEspinosa Solares, Teodoro
_937994
245 _aRefineria : manual del trabajador etapa intensiva y extensiva /
_c Teodoro Espinosa Solares
260 _aMéxico :
_b Consejo de Normalización y Certificación de Competencia Laboral (Conocer),
_c1999
300 _a90 p.
500 _aD. \(Colección Conocer) \La biblioteca tiene etapa extensiva a y b
650 _aRefinería
_9155514
901 _aFOLLETO 2612
902 _aM
905 _a0000001999 mx A 0000000000spa00
942 _cFOLL
_2local
999 _c174482
_d174482